000 01023nam a22002897a 4500
999 _c20130
_d20130
005 20180323104047.0
008 180323b ck ||||| |||| 00| 0 spa d
020 _a978-958-99921-4-2
040 _aCO-BoIAVH
_cCO-BoIAVH
041 _aspa
044 _ack
090 _aFG-
_b0272
245 _aManual del facilitador rural:
_bMétodos y herramientas para ayudar a grupos campesinos a conseguir sus metas
250 _aSegunda edición
260 _aBogotá:
_bCorporación PBA,
_c2011.
300 _a72 páginas,
505 _aEl acompañamiento a los procesos de desarrollo de las comunidades rurales: la estrategia de innovación rural participativa
505 _aMarco pedagógico
505 _aAutoayuda y asistencialismo
505 _aLa comunicación
505 _aLa moderación
505 _aCaja de herramientas
505 _aTécnicas y dinámicas de grupo
505 _aSistematización y construcción colectiva de saberes
505 _aCómo hacer buenos talleres
942 _2z
_cFolleto